這樣愛,給世界更多可能 (Record no. 7670)

MARC details
000 -LEADER
fixed length control field 00742cam a22002532i 4500
001 - CONTROL NUMBER
control field CIP114005656
003 - CONTROL NUMBER IDENTIFIER
control field YEEZEN
005 - DATE AND TIME OF LATEST TRANSACTION
control field 20250813143336.0
008 - FIXED-LENGTH DATA ELEMENTS--GENERAL INFORMATION
fixed length control field 250430s2025 ch e 000 0 chi d
020 ## - INTERNATIONAL STANDARD BOOK NUMBER
International Standard Book Number 9786264173841
Qualifying information (平裝) :
Terms of availability NT$500
040 ## - CATALOGING SOURCE
Original cataloging agency CIP
Language of cataloging chi
Transcribing agency CIP
042 ## - AUTHENTICATION CODE
Authentication code nbic
084 ## - OTHER CLASSIFICATION NUMBER
Classification number 419.333
Number source ncsclt
090 ## - LOCALLY ASSIGNED LC-TYPE CALL NUMBER (OCLC); LOCAL CALL NUMBER (RLIN)
Classification number (OCLC) (R) ; Classification number, CALL (RLIN) (NR) 419.333
245 10 - TITLE STATEMENT
Title 這樣愛,給世界更多可能
Statement of responsibility, etc. : 北醫大體系國際醫療的熱血行動 /
Remainder of title 林惠君, 陳育晟著
250 ## - EDITION STATEMENT
Edition statement 第一版
260 ## - PUBLICATION, DISTRIBUTION, ETC.
Place of publication, distribution, etc. 臺北市 :
Name of publisher, distributor, etc. 遠見天下文化,
Date of publication, distribution, etc. 2025.05
300 ## - PHYSICAL DESCRIPTION
Extent 面 ;
Dimensions 公分
650 #7 - SUBJECT ADDED ENTRY--TOPICAL TERM
Source of heading or term lcstt
Topical term or geographic name entry element 醫學
650 #7 - SUBJECT ADDED ENTRY--TOPICAL TERM
Source of heading or term lcstt
Topical term or geographic name entry element 醫療服務
650 #7 - SUBJECT ADDED ENTRY--TOPICAL TERM
Source of heading or term lcstt
Topical term or geographic name entry element 國際交流
650 #7 - SUBJECT ADDED ENTRY--TOPICAL TERM
Source of heading or term lcstt
Topical term or geographic name entry element 醫院行政管理
942 ## - ADDED ENTRY ELEMENTS (KOHA)
Source of classification or shelving scheme 中文圖書分類法
Koha item type 一般圖書
Holdings
撤銷狀態 遺失狀態 分類號來源 損壞狀態 不外借 永久館藏地 現在館藏地 書架位置 採購日期 全部借出 完整索書號 條碼號 最後一次日期記錄 一般價格有效日期 Koha館藏類型 公開資訊
未註銷館藏 未遺失 中文圖書分類法 未損毀 可外借 怡仁綜合醫院圖書館 怡仁綜合醫院圖書館   2025-08-13   419.333 C03256 2025-08-13 2025-08-13 一般圖書 臺灣秉持身為世界公民一份子的初衷,善盡國際社會成員的責任。藉由在公衛醫療領域的優勢,政府部門積極整合資源,擘劃國際醫療衛生合作及緊急醫療援助計畫,而臺北醫學大學體系則在其中扮演重要角色。
怡仁醫院| 地址:32643桃園市楊梅區楊新北路321巷30號 | 服務專線:03-4855566 | 電子郵件信箱:
Copyright © 1996 CHC Hospital